书目信息 |
| 题名: |
沃顿谈判课
|
|
| 作者: | 蔡雪莲 编著 | |
| 分册: | ||
| 出版信息: | 南京 江苏凤凰美术出版社 2019 |
|
| 页数: | 183页 | |
| 开本: | 21cm | |
| 丛书名: | ||
| 单 册: | ||
| 中图分类: | C912.35-49 , C912.35 | |
| 科图分类: | ||
| 主题词: | 谈判学--通俗读物 | |
| 电子资源: | ||
| ISBN: | 978-7-5580-6320-6 | |
| 000 | 00716nam0 2200229 450 | |
| 001 | 2373681082 | |
| 005 | 20231012202814.54 | |
| 010 | @a978-7-5580-6320-6@dCNY36.00 | |
| 100 | @a20200408d2019 em y0chiy50 ea | |
| 101 | 0 | @achi |
| 102 | @aCN@b320000 | |
| 105 | @aa z 000yy | |
| 200 | 1 | @a沃顿谈判课@Awo dun tan pan ke@e世界知名企业推崇的谈判法则@f蔡雪莲编著 |
| 210 | @a南京@c江苏凤凰美术出版社@d2019 | |
| 215 | @a183页@c图@d21cm | |
| 517 | 1 | @a世界知名企业推崇的谈判法则@9shi jie zhi ming qi ye tui chong de tan pan fa ze |
| 606 | 0 | @a谈判学@j通俗读物 |
| 690 | @aC912.35-49@v5 | |
| 690 | @aC912.35@v4 | |
| 701 | 0 | @a蔡雪莲@Acai xue lian@4编著 |
| 801 | 0 | @aCN@b91MARC@c20200408 |
| 905 | @aZUCC@dC912.35@e13 | |
| 沃顿谈判课:世界知名企业推崇的谈判法则/蔡雪莲编著.-南京:江苏凤凰美术出版社,2019 |
| 183页:图;21cm |
| ISBN 978-7-5580-6320-6:CNY36.00 |
| ● |
| 相关链接 |
|
|
|
正题名:沃顿谈判课
索取号:C912.35/13
 
预约/预借
| 序号 | 登录号 | 条形码 | 馆藏地/架位号 | 状态 | 备注 |
| 1 | 2001009067 | 2001009067 | 第四书库/四4架A面6层2列/ [索取号:C912.35/13] | 在馆 | |
| 2 | 2001009068 | 2001009068 | 第四书库/四4架A面6层2列/ [索取号:C912.35/13] | 在馆 | |
| 3 | 2001009069 | 2001009069 | 第四书库/四4架A面6层2列/ [索取号:C912.35/13] | 在馆 | |
| 4 | 2001009070 | 2001009070 | 第四书库/四4架A面6层2列/ [索取号:C912.35/13] | 在馆 | |
| 5 | 2001009071 | 2001009071 | 第四书库/四4架A面6层2列/ [索取号:C912.35/13] | 在馆 | |
| 6 | 2001009072 | 2001009072 | 第四书库/四4架A面6层2列/ [索取号:C912.35/13] | 在馆 |